De quem é a música? BR-1 - Statistics

Estatísticas Gerais
  • Esse quiz foi jogado 621 vezes
  • A pontuação média é 21 de 30
Estatísticas das Respostas
Música Artista/Banda % Correto
Ai Se Eu Te Pego Michel Teló
92%
Evidências Chitãozinho & Xororó
88%
Pais e Filhos Legião Urbana
87%
Que País é Este? Legião Urbana
87%
Será Legião Urbana
87%
Azul da Cor do Mar Tim Maia
84%
Não Quero Dinheiro Tim Maia
84%
Garota de Ipanema Tom Jobim e Vinícius de Moraes
82%
Eu Sei Que Vou Te Amar Tom Jobim e Vinícius de Moraes
82%
Águas de Março Tom Jobim e Elis Regina
81%
Metamorfose Ambulante Raul Seixas
78%
Velha Infância Tribalistas
78%
Anunciação Alceu Valença
73%
Ovelha Negra Rita Lee
73%
Eu Te Devoro Djavan
70%
Como Nossos Pais Elis Regina / Belchior
70%
Sozinho Caetano Veloso
68%
Vou Deixar Skank
66%
Toda Forma de Amor Lulu Santos
64%
Como uma Onda Lulu Santos
64%
O Sol Vitor Kley
64%
Fico Assim Sem Você Claudinho & Buchecha
61%
Como Eu Quero Kid Abelha
56%
À Sua Maneira Capital Inicial
52%
Pescador de Ilusões O Rappa
52%
Só Hoje Jota Quest
50%
Chão de Giz Zé Ramalho
48%
Pro Dia Nascer Feliz Barão Vermelho
43%
Por Onde Andei Nando Reis
43%
Mas que Nada Jorge Ben Jor
35%
Nenhum quiz correspondente encontrado
Distribuição das Pontuações
Porcentagem de Pessoas com Cada Pontuação
Percentil de Números Respondidos
Sua Pontuação Histórica
Você não jogou esse quiz